000 00262nam a22000977a 4500
999 _c11493
_d11493
008 190529b ||||| |||| 00| 0 eng d
020 _a9780330511704
100 _aLiddell Hart
_97210
245 _aA History of the First World War
260 _aLondon
_bPAN Books
_c2014